Study on cholera disease of khaki campbell and their antibodies through ha and hi-test at royal university of agriculture; សិក្សាពីជំងឺអាសន្នរោគរបស់ទាកាគីកាំបែល និងអង់ទីគ័ររបស់វាតាមរយះ HA និង HI-test នៅសាកលវិទ្យាល័យភូមិន្ទកសិកម្ម (Record no. 7021)

000 -LEADER
fixed length control field 00800nam a22001577a 4500
003 - CONTROL NUMBER IDENTIFIER
control field OSt
005 - DATE AND TIME OF LATEST TRANSACTION
control field 20160224153959.0
008 - FIXED-LENGTH DATA ELEMENTS--GENERAL INFORMATION
fixed length control field 160224b xxu||||| |||| 00| 0 eng d
040 ## - CATALOGING SOURCE
Transcribing agency RUA
082 ## - DEWEY DECIMAL CLASSIFICATION NUMBER
Classification number VEM NET 2014 B434 Or.1
100 ## - MAIN ENTRY--PERSONAL NAME
9 (RLIN) 7436
Personal name NET PHALLY; ណែត ផល្លី
245 ## - TITLE STATEMENT
Title Study on cholera disease of khaki campbell and their antibodies through ha and hi-test at royal university of agriculture; សិក្សាពីជំងឺអាសន្នរោគរបស់ទាកាគីកាំបែល និងអង់ទីគ័ររបស់វាតាមរយះ HA និង HI-test នៅសាកលវិទ្យាល័យភូមិន្ទកសិកម្ម
260 ## - PUBLICATION, DISTRIBUTION, ETC. (IMPRINT)
Place of publication, distribution, etc. Phnom Penh
Name of publisher, distributor, etc. RUA
Date of publication, distribution, etc. 2014
300 ## - PHYSICAL DESCRIPTION
Extent x;41p.
Other physical details ill.
Dimensions 29cm.
942 ## - ADDED ENTRY ELEMENTS (KOHA)
Source of classification or shelving scheme
Koha item type VEM

No items available.

មជ្ឈមណ្ឌលឯការនៃសាកលវិទ្យាល័យភូមិន្ទកសិកម្មចំការដូង

Powered by Koha